سید وفلپانا / (Record no. 106966)

MARC details
000 -LEADER
fixed length control field 00769nam a22002537a 4500
005 - DATE AND TIME OF LATEST TRANSACTION
control field 20170123162319.0
010 ## - LIBRARY OF CONGRESS CONTROL NUMBER
LC control number A-644997
020 ## - INTERNATIONAL STANDARD BOOK NUMBER
Terms of availability 80.00
035 ## - SYSTEM CONTROL NUMBER
System control number A-644997
037 ## - SOURCE OF ACQUISITION
Source of stock number/acquisition Cen Lib/Ret
040 ## - CATALOGING SOURCE
Original cataloging agency DPL
Language of cataloging UR
082 ## - DEWEY DECIMAL CLASSIFICATION NUMBER
Classification number ن
Item number ص د ی
100 ## - MAIN ENTRY--PERSONAL NAME
Personal name صدیقی، صادق حسین
9 (RLIN) 475
245 ## - TITLE STATEMENT
Title سید وفلپانا /
Statement of responsibility, etc صادق حسین صدیقی
246 ## - VARYING FORM OF TITLE
Title proper/short title Sayid vafalpana /
Remainder of title by Sadiq Husain Sidiqi
260 ## - PUBLICATION, DISTRIBUTION, ETC. (IMPRINT)
Place of publication, distribution, etc لاہور
Name of publisher, distributor, etc مقتبہ قریش
Date of publication, distribution, etc 1992
270 ## - ADDRESS
Address چوک اردو بازار
City لاہور
300 ## - PHYSICAL DESCRIPTION
Extent 273p.
Dimensions 21cm(Hb)
650 ## - SUBJECT ADDED ENTRY--TOPICAL TERM
Topical term or geographic name as entry element اردو ادب
9 (RLIN) 116299
650 ## - SUBJECT ADDED ENTRY--TOPICAL TERM
Topical term or geographic name as entry element اردوناول
9 (RLIN) 592
650 ## - SUBJECT ADDED ENTRY--TOPICAL TERM
Topical term or geographic name as entry element Urdu literature
9 (RLIN) 116300
650 ## - SUBJECT ADDED ENTRY--TOPICAL TERM
Topical term or geographic name as entry element Urdu novel
9 (RLIN) 116301
942 ## - ADDED ENTRY ELEMENTS (KOHA)
Source of classification or shelving scheme Dewey Decimal Classification
Koha item type Urdu Bks
Classification part ن
Call number suffix ص د ی
Holdings
Withdrawn status Lost status Damaged status Not for loan Home library Current library Date acquired Source of acquisition Cost, normal purchase price Total Checkouts Full call number Barcode Date last seen Copy number Cost, replacement price Price effective from Koha item type
        Central Library Central Library 01/01/2016 Cen Lib/Ret 80.00   ن ص د ی A-644997 01/01/2016 1 80.00 01/01/2016 Urdu Bks

© Delhi Public Library
Hit Counter
free hit counter